KOHA-Header-6

The ISDN Literacy Book (Record no. 6968)

000 -LEADER
fixed length control field 00253nam a2200109Ia 4500
100 ## - MAIN ENTRY--AUTHOR NAME
Personal name Hopkins,Gerald L.
245 #4 - TITLE STATEMENT
Title The ISDN Literacy Book
260 ## - PUBLICATION, DISTRIBUTION, ETC. (IMPRINT)
Place of publication USA
Name of publisher Pearson
Year of publication 1996
300 ## - PHYSICAL DESCRIPTION
Number of Pages 367
942 ## - ADDED ENTRY ELEMENTS (KOHA)
Koha item type Books
Holdings
Withdrawn status Lost status Collection code Permanent Location Current Location Shelving location Date acquired Full call number Accession Number Koha item type
    Computer Networking MAJU MAJU   2019-09-11 910.9 512 Computer Networking

Powered by Koha